Dolphin School : (Record no. 6305)

MARC details
000 -LEADER
fixed length control field 00950nam a22003017a 4500
001 - CONTROL NUMBER
control field 6305
003 - CONTROL NUMBER IDENTIFIER
control field FISKH
005 - DATE AND TIME OF LATEST TRANSACTION
control field 20250409150911.0
008 - FIXED-LENGTH DATA ELEMENTS--GENERAL INFORMATION
fixed length control field 250409b cb ||||| |||| 00| 0 eng d
020 ## - INTERNATIONAL STANDARD BOOK NUMBER
International Standard Book Number 9780545919814
040 ## - CATALOGING SOURCE
Original cataloging agency FISKH
Language of cataloging eng
Transcribing agency FISKH
Modifying agency FISKH
050 ## - LIBRARY OF CONGRESS CALL NUMBER
Classification number PZ7.H1996 S
082 ## - DEWEY DECIMAL CLASSIFICATION NUMBER
Classification number 560
100 ## - MAIN ENTRY--PERSONAL NAME
Personal name Hapka, Catherine
245 ## - TITLE STATEMENT
Title Dolphin School :
Remainder of title Splash's secret friend /
Statement of responsibility, etc. by Catherine Hapka ; Illustrated by Hollie Hibbert
250 ## - EDITION STATEMENT
Edition statement This edition first published in 2015
260 ## - PUBLICATION, DISTRIBUTION, ETC.
Place of publication, distribution, etc. New York :
Name of publisher, distributor, etc. Scholastic,
Date of publication, distribution, etc. 2015
300 ## - PHYSICAL DESCRIPTION
Extent 95 pages :
Other physical details illustrations ;
Dimensions 20 cm
505 ## - FORMATTED CONTENTS NOTE
Formatted contents note N<br/>
520 ## - SUMMARY, ETC.
Summary, etc. When Splash doesn't show up to dolphin school on time, Pearl, Echo, and Flip are worried.<br/>
521 8# - TARGET AUDIENCE NOTE
Target audience note 530<br/>
Source Lexile<br/>
521 8# - TARGET AUDIENCE NOTE
Target audience note N<br/>
Source Raz-Plus<br/>
650 ## - SUBJECT ADDED ENTRY--TOPICAL TERM
Source of heading or term Animals
Topical term or geographic name entry element Friendship
650 ## - SUBJECT ADDED ENTRY--TOPICAL TERM
Source of heading or term Chapter book
Topical term or geographic name entry element Imagination
700 ## - ADDED ENTRY--PERSONAL NAME
Personal name Hibbert, Catherine
Dates associated with a name illustrator
942 ## - ADDED ENTRY ELEMENTS (KOHA)
Source of classification or shelving scheme Dewey Decimal Classification
Koha item type Books
Suppress in OPAC No
Holdings
Withdrawn status Lost status Source of classification or shelving scheme Damaged status Not for loan Collection Home library Current library Shelving location Date acquired Total Checkouts Full call number Barcode Date due Date last seen Date last checked out Copy number Price effective from Koha item type
    Dewey Decimal Classification     Juvenile Fiction Footprints International School Library Network Toul Tom Poung Campus Footprints International School Library Network Toul Kork Campus TTP Primary Yellow Bookshelves 04/09/2025 2 HAP 560 PZ7.H1996 S 2025-1046 05/14/2026 04/30/2026 04/30/2026 1 04/09/2025 Books